The winter tree / (Record no. 200128591)
[ view plain ]
| 000 -LEADER | |
|---|---|
| fixed length control field | 00512 a2200205 4500 |
| 001 - CONTROL NUMBER | |
| control field | 200128591 |
| 003 - CONTROL NUMBER IDENTIFIER | |
| control field | TR-AnTOB |
| 005 - DATE AND TIME OF LATEST TRANSACTION | |
| control field | 20210127094324.0 |
| 008 - FIXED-LENGTH DATA ELEMENTS--GENERAL INFORMATION | |
| fixed length control field | 130318s1983 tu 000 0 |
| 040 ## - CATALOGING SOURCE | |
| Original cataloging agency | TR-AnTOB |
| Transcribing agency | TR-AnTOB |
| 041 ## - LANGUAGE CODE | |
| Language code of text/sound track or separate title | İngilizce |
| 050 #0 - LIBRARY OF CONGRESS CALL NUMBER | |
| Classification number | PR6062.E942 |
| Item number | W5 1983 |
| 090 ## - LOCALLY ASSIGNED LC-TYPE CALL NUMBER (OCLC); LOCAL CALL NUMBER (RLIN) | |
| Classification number (OCLC) (R) ; Classification number, CALL (RLIN) (NR) | PR6062.E942.W5 1983 |
| 100 1# - MAIN ENTRY--PERSONAL NAME | |
| Personal name | Lewis, Georgina |
| 9 (RLIN) | 86768 |
| 245 14 - TITLE STATEMENT | |
| Title | The winter tree / |
| Statement of responsibility, etc. | Georgina Lewis. |
| 264 #1 - PRODUCTION, PUBLICATION, DISTRIBUTION, MANUFACTURE, AND COPYRIGHT NOTICE | |
| Place of production, publication, distribution, manufacture | London : |
| Name of producer, publisher, distributor, manufacturer | Gollancz, |
| Date of production, publication, distribution, manufacture, or copyright notice | 1983. |
| 300 ## - PHYSICAL DESCRIPTION | |
| Extent | 137 p. ; |
| Dimensions | 23 cm. |
| 942 ## - ADDED ENTRY ELEMENTS (KOHA) | |
| Koha item type | Book |
| Source of classification or shelving scheme | Library of Congress Classification |
| Withdrawn status | Lost status | Source of classification or shelving scheme | Not for loan | Collection code | Home library | Current library | Shelving location | Date acquired | Source of acquisition | Inventory number | Total Checkouts | Total Holds | Full call number | Barcode | Date last seen | Date last checked out | Copy number | Date shelved | Koha item type |
|---|---|---|---|---|---|---|---|---|---|---|---|---|---|---|---|---|---|---|---|
| Library of Congress Classification | Ödünç Verilebilir / Available | Genel Koleksiyon | Merkez Kütüphane | Merkez Kütüphane | Genel Koleksiyon / Main Collection | 05/02/2013 | Bağış / Donation | İDE | 1 | PR6062.E942 W5 1983 | 0040280 | 31/07/2017 | 10/07/2017 | 1 | 05/02/2013 | Book |
